000 00639nam a2200241 i 4500
001 C2-0336935
003 PPAK
005 20180728135809.0
008 160717s2014 cc |||| ||||| | chi d
020 _a9787501579129
040 _aPPAK
_beng
_cPPAK
_erda
082 0 4 _a895.13
_223
090 0 0 _a895.13
_bYEB
_dG
100 1 _aYe, Bing Lun,
_eauthor
245 1 0 _aXian ou =
_bThe mazionette
264 1 _aBeijing :
_bZhi shi chu ban she ,
_c2014
300 _a250 pages ;
_c24 cm
336 _2rdacontent
_atext
337 _2rdamedia
_aunmediated
338 _2rdacarrier
_avolume
650 1 0 _aChinese fiction.
942 _ddc
_cB
999 _c134654
_d134654